| 000 | 01601nam a2200313 a 4500 | ||
|---|---|---|---|
| 999 |
_c128112 _d128112 |
||
| 003 | BLK | ||
| 005 | 20240321124851.0 | ||
| 008 | 180409b bul|||||r ||||||| ||bul|| | ||
| 010 | _aKNG00133831000 | ||
| 040 | _aBLK | ||
| 041 |
_aBUL _cBUL |
||
| 080 |
_aПартии и движения със социалистически и социалдемократически възгледи. Социалистически и социалдемократически партии. Вж и 327. 323 _b329.14 _x(497.2)(081.1) _z329.14(497.2)(081.1) |
||
| 100 |
_aБлагоев, Димитър _gДядото _d1856 - 1924 _qНиколов, Димитър Благоев _9377352 |
||
| 139 |
_aБлагоев, Димитър _bБ 47 |
||
| 245 | 1 | 0 |
_aСъчинения _bТ. 1 - _cДимитър Благоев; предг. от на том Кирил Василев. _nТ. 9 _p1903 - 1905 |
| 257 | _aBGR | ||
| 260 |
_bБКП _c1959 _aСофия |
||
| 300 |
_c20 см _aХХХIV, 523 с. |
||
| 380 | _a3 | ||
| 500 | _aПълното име на авт. е Димитър Благоев Николов. - 6 100 тир. | ||
| 650 | 4 |
_aБлагоев, Димитър - възгледи _9294210 |
|
| 653 | _aДимитър Благоев | ||
| 700 | 1 |
_aВасилев, Кирил _eпредг. от на том _9367472 |
|
| 760 | 1 |
_aБлагоев, Димитър _d1959 _hХХХIV, 523 с. _tТ. 9 1903 - 1905 |
|
| 852 |
_aЦб 6601 _bЦб |
||
| 942 |
_cKNG _n0 _s1 |
||
| 944 |
_aCR _c19.09.2012 _lНора Радева _k30545 |
||
| 944 |
_aED _c2021-11-03 _l2021-11-03 |
||